Multiple Choice Stadt-Quiz – Greifswald - Statistiken

Allgemein
  • Dieses Quiz wurde 27 mal gespielt
  • Das Durchschnittsergebnis liegt bei 7 aus 10
Antwortstatistiken
Frage Antwort % Korrekt
Welcher mittelalterlichen Vereinigung gehörte Greifswald an? Der Hanse
86%
In der Nähe welcher zwei Inseln liegt Greifswald Rügen und Usedom
86%
In welcher der vier alliierten Besatzungszonen lag Greifswald nach dem Zweiten Weltkrieg? Sowjetische Zone
82%
Welcher berühmte Maler wurde in Greifswald geboren? Caspar David Friedrich
73%
Welche der folgenden Aussagen trifft auf Greifswald zu? Es liegt weiter nördlich als Minsk, Belarus
73%
Welches dieser Bilder zeigt Greifswald?
68%
Welcher Sektor beschäftigt die meisten Menschen in Greifswald und leistet den größten Beitrag zur lokalen Wirtschaft? Die Universität Greifswald und ihre Forschungsinstitute
64%
Welches Land hatte von 1630 bis 1815 die Kontrolle über Greifswald? Schweden
64%
An welchem ​​Fluss liegt Greifswald? Ryck
55%
Wann erreichte Greifswald seinen Bevölkerungshöchststand? 1988
36%
Keine übereinstimmenden Quizze gefunden
Verteilung der Resultate
Anzahl Personen mit jedem Resultat
Perzentil nach korrekt beantworteten Fragen
Ihre Resultats-Entwicklung
Sie haben dieses Quiz noch nicht gespielt